书目信息 |
| 题名: |
公路隧道运营企业安全生产标准化评价实施细则
|
|
| 作者: | ;公路隧道运营企业安全生产标准化评价实施细则编写组 编著 | |
| 分册: | ||
| 出版信息: | 北京 人民交通出版社股份有限公司 2018.12 |
|
| 页数: | 205页 | |
| 开本: | 26cm | |
| 丛书名: | ||
| 单 册: | ||
| 中图分类: | F542.6 | |
| 科图分类: | ||
| 主题词: | 公路隧道--交通运输企业--安全生产--标准化管理--中国 | |
| 电子资源: | ||
| ISBN: | 978-7-114-15264-1 | |
| 000 | 01126nam0 2200229 450 | |
| 001 | 202019135433 | |
| 005 | 20191007123107.0 | |
| 010 | @a978-7-114-15264-1@dCNY40.00 | |
| 100 | @a20191004d2018 em y0chiy0110 ea | |
| 101 | 0 | @achi |
| 102 | @aCN@b110000 | |
| 105 | @ay z 000yy | |
| 106 | @ar | |
| 200 | 1 | @a公路隧道运营企业安全生产标准化评价实施细则@AGong Lu Sui Dao Yun Ying Qi Ye An Quan Sheng Chan Biao Zhun Hua Ping Jia Shi Shi Xi Ze@f《公路隧道运营企业安全生产标准化评价实施细则》编写组编著 |
| 210 | @a北京@c人民交通出版社股份有限公司@d2018.12 | |
| 215 | @a205页@d26cm | |
| 330 | @a本书为交通运输企业安全生产标准化评价实施细则丛书之一,详细介绍了公路隧道运营企业安全生产标准化评价办法,适合公路隧道运营企业安全生产管理人员学习参考,也可供公路隧道运营企业安全生产标准化评审员学习使用。 | |
| 606 | 0 | @a公路隧道@x交通运输企业@x安全生产@x标准化管理@y中国 |
| 690 | @aF542.6@v5 | |
| 711 | 02 | @a公路隧道运营企业安全生产标准化评价实施细则编写组@AGong Lu Sui Dao Yun Ying Qi Ye An Quan Sheng Chan Biao Zhun Hua Ping Jia Shi Shi Xi Ze Bian Xie Zu@4编著 |
| 801 | 0 | @aCN@c20190905 |
| 905 | @a河南城建学院图书馆@dF542.6@eG365-2 | |
| 公路隧道运营企业安全生产标准化评价实施细则/《公路隧道运营企业安全生产标准化评价实施细则》编写组编著.-北京:人民交通出版社股份有限公司,2018.12 |
| 205页;26cm |
| ISBN 978-7-114-15264-1:CNY40.00 |
| 本书为交通运输企业安全生产标准化评价实施细则丛书之一,详细介绍了公路隧道运营企业安全生产标准化评价办法,适合公路隧道运营企业安全生产管理人员学习参考,也可供公路隧道运营企业安全生产标准化评审员学习使用。 |
| ● |
| 相关链接 |
|
|
|
正题名:公路隧道运营企业安全生产标准化评价实施细
索取号:F542.6/G365-2
 
预约/预借
| 序号 | 登录号 | 条形码 | 馆藏地/架位号 | 状态 | 备注 |
| 1 | 1444207 | 214442076 | 社科二线422/409社科库 38排2列2层/ [索取号:F542.6/G365-2] | 在馆 | |
| 2 | 1444208 | 214442085 | 社科二线422/422社科库 11排1列1层/ [索取号:F542.6/G365-2] | 在馆 |